00627nam a22001337a 4500003000400000005001700004008004100021040000900062082002700071100001500098245032700113260002800440300002500468OSt20151111110626.0151005b xxu||||| |||| 00| 0 eng d cRUA  aFOR SAR 2004 B130 Or.1 aSAR MAKARA aA development project on small botanical garden of the forestry facul within royal university of agriculture, (គំរោងអភិវឌ្ឍន៍សួនរុក្ខជាតិទ្រង់ទ្រាយតូច​របស់មហាវិទ្យាល័យភូមិន្ទកសិកម្ម) aphnom penh brua c2004 ax, 50p.bill.c29cm.